000 00351nam a22001457a 4500
003 MACL
005 20191119161046.0
008 191119b xxu||||| |||| 00| 0 eng d
040 _cMACL
100 _aDharmananda
_977191
245 _aVEDA: The Right Approach
260 _aDelhi
_bGeeta Books
_c2019
650 _aReligion
_977192
942 _2ddc
_cBK
999 _c61347
_d61347